MARC

LEADER 00000nam0a2200000 4500
001 298506
005 20231102001118.0
035 |a (RuTPU)RU\TPU\book\323649 
090 |a 298506 
100 |a 20150618d1983 k y0rusy50 ca 
101 0 |a rus 
102 |a RU 
105 |a a z 001zy 
200 1 |a Расчет и проектирование фундаментов в сложных инженерно-геологических условиях  |f Научно-исследовательский институт оснований и подземных сооружений ; под ред. А. В. Садовского 
210 |a Москва  |c [Б. и.]  |d 1983 
215 |a 127 с.  |c ил. 
225 1 |a Труды научно-исследовательского института оснований и подземных сооружений им. Н. М. Герсеванова  |v Вып. 79 
320 |a Библиография в конце статей 
606 1 |a Основания и фундаменты  |x Расчет  |x Проектирование  |2 stltpush  |3 (RuTPU)RU\TPU\subj\68928  |9 83991 
610 1 |a сложные геологические условия 
610 1 |a вечномерзлые грунты 
610 1 |a выемки 
610 1 |a откосы 
610 1 |a деформирование 
610 1 |a прогнозирование 
610 1 |a сваи 
610 1 |a осадка 
610 1 |a заглубленные сооружения 
610 1 |a вмещающие породы 
610 1 |a оттаивание 
610 1 |a промерзание 
610 1 |a резервуары 
610 1 |a строительство 
675 |a 624.15.04  |v 4 
702 1 |a Садовский  |b А. В.  |4 340 
712 0 2 |a Научно-исследовательский институт оснований и подземных сооружений  |2 stltpush  |3 (RuTPU)RU\TPU\col\8271  |9 24507 
801 1 |a RU  |b 63413507  |c 20150618 
801 2 |a RU  |b 63413507  |c 20160727  |g RCR 
942 |c BK